Super Smash Bros. Ultimate Newcomers - Statistics

General Stats
  • This quiz has been taken 259 times
    118 since last reset
  • The average score is 20 of 24
Answer Stats
Number Character % Correct
77 Steve
92%
82 Sora
89%
73 Banjo & Kazooie
86%
13E Daisy
86%
4E Dark Samus
85%
72 Hero
85%
71 Joker
85%
75 Byleth
84%
81 Kazuya
84%
70 Piranha Plant
84%
79 Pyra
82%
65 Ridley
82%
66 Simon
82%
76 Min Min
81%
66E Richter
81%
69 Incineroar
80%
60E Ken
80%
78 Sephiroth
80%
74 Terry
80%
64 Inkling
78%
80 Mythra
78%
67 King K. Rool
77%
68 Isabelle
72%
25E Chrom
71%
No matching quizzes found
Score Distribution
Percent of People with Each Score
Percentile by Number Answered
Your Score History
You have not taken this quiz since the last reset